000 00395nas a2200169 a 4500
001 157763
003 252379
005 20201118123521.0
008 170808e2017 ck ||||||||| 000 0 spa d
041 _aspa
245 0 _aRevista Semana - No.1840 (6-13 ago. 2017)
260 _aBogotá :
_c2017.
562 _e13
773 _016112
_aSemana
942 _cSISS
999 _c157763
_d157763